000 00867nam a2200265Ia 4500
003 OSt
005 20220918171319.0
006 a|||||r|||| 00| 0
007 ta
008 220917b |||||||| |||| 00| 0 eng d
020 _a9781474429033 (pbk)
_cUKP 19.99
024 _a348,690
037 _b13905, 18/03/2019, Elite Publishers Distributors
_cTextual
040 _aARTS
_cARTS
_beng
041 _2eng
_aeng
082 _aNW, Q8
100 _aBruhn Jorgen Au.
_935712
245 0 _aCinema between media
_b international approach
260 _aEdinburgh
_bEdinburgh University press UK
_c2018
300 _avi,153p.
_ccm.
650 _aMOTION PICTURES
_927571
700 _a Gjelsvik Anne Au.
_935713
942 _hNW, Q8
_cTEXL
_2CC
999 _c138986
_d138986